Principles Governing the Use of the Mass Media as Defined By the United Nations and Unesco (Record n. 46638)
[ formato base ]
| 000 -LEADER | |
|---|---|
| fixed length control field | 01095nam a2200301Ia 4500 |
| 001 - CONTROL NUMBER | |
| control field | 23114 |
| 003 - CONTROL NUMBER IDENTIFIER | |
| control field | IT-RoPAU |
| 008 - FIXED-LENGTH DATA ELEMENTS--GENERAL INFORMATION | |
| fixed length control field | 130308s9999 xx 000 0 und d |
| 040 ## - CATALOGING SOURCE | |
| Original cataloging agency | IT-RoPAU |
| 040 ## - CATALOGING SOURCE | |
| Transcribing agency | IT-RoPAU |
| 041 ## - LANGUAGE CODE | |
| Language code of text/sound track or separate title | INGLESE |
| 999 ## - SYSTEM CONTROL NUMBERS (KOHA) | |
| Koha Dewey Subclass [OBSOLETE] | SI |
| 100 ## - MAIN ENTRY--PERSONAL NAME | |
| Personal name | Eek Hilding |
| 100 ## - MAIN ENTRY--PERSONAL NAME | |
| Miscellaneous information | Codice Aut. SPICS: 11168 |
| 245 ## - TITLE STATEMENT | |
| Title | Principles Governing the Use of the Mass Media as Defined By the United Nations and Unesco |
| 245 ## - TITLE STATEMENT | |
| Remainder of title | National Sovereignty And International Communication |
| 250 ## - EDITION STATEMENT | |
| Edition statement | 1a ed. |
| 260 ## - PUBLICATION, DISTRIBUTION, ETC. (IMPRINT) | |
| Place of publication, distribution, etc. | USA |
| 260 ## - PUBLICATION, DISTRIBUTION, ETC. (IMPRINT) | |
| Name of publisher, distributor, etc. | Ablex Publishing Corporation |
| 260 ## - PUBLICATION, DISTRIBUTION, ETC. (IMPRINT) | |
| Date of publication, distribution, etc. | 1979 [1° Ed.:1979 - Ed.Ling.Originale:1979] |
| 300 ## - PHYSICAL DESCRIPTION | |
| Extent | "22 p. (prefazione: no ; testo: 22 [pagine: 173-194])" |
| 500 ## - GENERAL NOTE | |
| General note | Principi che Governano L'Uso dei Mass Media Secondo la Definizione delle nazioni Unite e dell'Unesco Libertà d'informazione nel Contesto dei Fondamentali Diritti Umani Strumenti in Rapporto Alle notizie e Ai giornalisti promozione della Pace |
| 650 ## - SUBJECT ADDED ENTRY--TOPICAL TERM | |
| Topical term or geographic name as entry element | DIRITTO GENERALE |
| 650 ## - SUBJECT ADDED ENTRY--TOPICAL TERM | |
| Relator term | Codice materia Spics: 4601 |
| 942 ## - ADDED ENTRY ELEMENTS (KOHA) | |
| Koha item type | LIBRO |
| 957 ## - | |
| -- | 1 |
| 999 ## - SYSTEM CONTROL NUMBERS (KOHA) | |
| -- | 1 |
| Withdrawn status | Lost status | Damaged status | Not for loan | Home library | Current library | Date acquired | Total Checkouts | Full call number | Date last seen | Price effective from | Koha item type | Public note |
|---|---|---|---|---|---|---|---|---|---|---|---|---|
| Buone Condizioni | Not For Loan | SPICS-MEDIATECA | SPICS-MEDIATECA | 08/03/2013 | 23114 | 08/03/2013 | 08/03/2013 | LIBRO | Progressivo inserimento: 20563 / N. Volumi: 0 [=Contributo] Copie: 1 Copia Rara: SI / data import: 1 marzo 2013 - By Epidotti, Trombetti, Vaglietti. |